000 01319nam a2200121Ia 4500
008 220620s9999||||xx |||||||||||||| ||und||
245 0 _aBuilding Physics and Building Energy Systems
546 _aEnglish[eng]
650 _aLIDAR point clouds||3D urban model||rooftop modeling||segmentation||reconstruction||3D building||setting temperature of hot water||solar cooling||absorption chiller||subcooled compression||hybrid system||3D thermography||thermal imaging||laser scanning||integration methodology||extrinsic calibration||decoupled acquisition||heritage conservation||green roof||experimental investigation||thermal performance||measurements||simulations||India||BIPV/BAPV||BIPV-Glazing||JNNSM||MNRE||Zero energy-building||stolen heat||energy efficiency||heat metering||heat accounting||dynamic simulation||social housing||building simulation||heat cost allocators||thermostatic radiator valves||marine renewables||remote sensing||offshore wind||SWOT(strengths, weaknesses, opportunities and threats) analysis||greenhouse modeling||energy demand||thermal screen||shading screen||smart rooftop technologies||solar energy||urban heat island||building codes||energy policies||3D roof city model||urban landscapes
700 _aGarcia, Davide Astiaso
856 _uhttps://mdpi.com/books/pdfview/book/3518
942 _cEB
999 _c32899
_d32899